| 000 | 00828pam a2200265 a 4500 | ||
|---|---|---|---|
| 999 |
_c5360 _d5360 |
||
| 001 | 17637 | ||
| 003 | BD-DhUAP | ||
| 005 | 20201209112749.0 | ||
| 008 | 201209r20061991ii a b 001 0 eng | ||
| 010 | _a 90032552 | ||
| 020 | _a0070659338 | ||
| 020 | _a0070581169 | ||
| 040 |
_aDLC _cDLC _dBD-DhUAP _beng |
||
| 082 | 0 | 0 |
_a624.171 UTK _223 |
| 100 | 1 | _aUtku, Senol. | |
| 245 | 1 | 0 |
_aElementary structural analysis / _cSenol Utku, Charles Head Norris and John Benson Wilbur. |
| 250 | _a4th ed. | ||
| 260 |
_aNew Delhi : _bMcGraw-Hill, _cc1991 [Reprinted 2006]. |
||
| 300 |
_axx, 829 pages : _billustrations ; _c25 cm. |
||
| 504 | _aIncludes bibliographical references and indexes. | ||
| 650 | 0 | _aStructural analysis (Engineering). | |
| 700 | 1 | _aNorris, Charles Head. | |
| 700 | 1 | _aWilbur, John Benson. | |
| 942 |
_2ddc _cBK |
||